Losowe niemieckie słowa - Statystyki

Ogólne statystyki
  • Ten quiz został rozwiązany 3 268 razy
    3 177 od ostatniego zresetowania
  • Średni wynik to 16 z 24
Statystyki odpowiedzi
Niemiecki Polski % Poprawnych
Nein Nie
99%
danke Dziękuję
98%
gut dobrze
97%
Zwei dwa
93%
sprechen rozmawiać | mówić
93%
Kind dziecko
87%
Wurst kiełbasa
87%
Morgen rano
86%
Haus dom
84%
Hund pies
83%
Achtung uwaga
79%
Nacht noc
77%
Weiß biały
69%
Zeit czas
67%
über nad | ponad
63%
Frau kobieta
61%
Bahn pociąg
53%
Volk ludzie
38%
leben żyć
38%
Blitz błyskawica
36%
Boot łódź
34%
Flug lot
32%
Geist duch
30%
verboten zabroniony
21%
Nie znaleziono quizów pasujących do podanych kryteriów
Rozkład punktacji
Procent ludzi z każdym wynikiem
Percentyl według liczby udzielonych odpowiedzi
Twoja historia wyników
Nie rozwiązałeś tego quizu od ostatniego zresetowania